Handbook on mammals of Kerala / (Record no. 75541)

MARC details
000 -LEADER
fixed length control field 01223cam a2200409 a 4500
003 - CONTROL NUMBER IDENTIFIER
control field OSt
005 - DATE AND TIME OF LATEST TRANSACTION
control field 20230925124853.0
008 - FIXED-LENGTH DATA ELEMENTS--GENERAL INFORMATION
fixed length control field 061130s2006 ii a bf 000 0 eng
020 ## - INTERNATIONAL STANDARD BOOK NUMBER
International Standard Book Number 8181711246
025 ## - OVERSEAS ACQUISITION NUMBER
Overseas acquisition number I-E-2006-454166; 40
040 ## - CATALOGING SOURCE
Transcribing agency STCPL
041 ## - LANGUAGE CODE
Language code of text/sound track or separate title English
042 ## - AUTHENTICATION CODE
Authentication code lcode
043 ## - GEOGRAPHIC AREA CODE
Geographic area code a-ii---
082 ## - DEWEY DECIMAL CLASSIFICATION NUMBER
Classification number 599.095 483
Item number DIN-H
100 1# - MAIN ENTRY--PERSONAL NAME
Personal name Cheruvat, Dinesan
100 1# - MAIN ENTRY--PERSONAL NAME
Personal name Radhakrishnan, C.
100 1# - MAIN ENTRY--PERSONAL NAME
Personal name Palot, Muhamed Jafer
245 10 - TITLE STATEMENT
Title Handbook on mammals of Kerala /
Statement of responsibility, etc. by Dinesan Cheruvat, C.Radhakrishnan and Muhamed Jafer Palot
260 ## - PUBLICATION, DISTRIBUTION, ETC.
Place of publication, distribution, etc. Kolkata :
Name of publisher, distributor, etc. Zoological Survey of India ,
Date of publication, distribution, etc. 2006 .
300 ## - PHYSICAL DESCRIPTION
Extent 154 p.
Other physical details Paper Back
650 #0 - SUBJECT ADDED ENTRY--TOPICAL TERM
Topical term or geographic name entry element Zoology
650 #0 - SUBJECT ADDED ENTRY--TOPICAL TERM
Topical term or geographic name entry element Mammals
650 #0 - SUBJECT ADDED ENTRY--TOPICAL TERM
Topical term or geographic name entry element Montane shrew
942 ## - ADDED ENTRY ELEMENTS (KOHA)
Koha item type Books
037 ## - SOURCE OF ACQUISITION
Source of stock number/acquisition Library of Congress -- New Delhi Overseas Office
Terms of availability Rs200.00 ($12.00 U.S.)
246 30 - VARYING FORM OF TITLE
Title proper/short title Mammals of Kerala
300 ## - PHYSICAL DESCRIPTION
Dimensions 23 cm.
504 ## - BIBLIOGRAPHY, ETC. NOTE
Bibliography, etc. note Includes bibliographical references (p. 150-154).
650 #0 - SUBJECT ADDED ENTRY--TOPICAL TERM
Geographic subdivision India
-- Kerala
Form subdivision Handbooks, manuals, etc.
710 2# - ADDED ENTRY--CORPORATE NAME
Corporate name or jurisdiction name as entry element Zoological Survey of India.
906 ## - LOCAL DATA ELEMENT F, LDF (RLIN)
a 7
b cbc
c origode
d 3
e ncip
f 20
g y-gencatlg
942 ## - ADDED ENTRY ELEMENTS (KOHA)
Source of classification or shelving scheme Dewey Decimal Classification
942 ## - ADDED ENTRY ELEMENTS (KOHA)
Source of classification or shelving scheme Dewey Decimal Classification
Suppress in OPAC No
942 ## - ADDED ENTRY ELEMENTS (KOHA)
Source of classification or shelving scheme Dewey Decimal Classification
Suppress in OPAC No
Holdings
Withdrawn status Lost status Source of classification or shelving scheme Damaged status Collection code Not for loan Home library Current library Shelving location Date acquired Cost, normal purchase price Total Checkouts Full call number Barcode Date last seen Price effective from Koha item type
    Dewey Decimal Classification   Zoology   ST. THOMAS COLLEGE LIBRARY, PALAI ST. THOMAS COLLEGE LIBRARY, PALAI Life Sciences 2022-01-19 200.00   599.095 483 DIN-M 90540 2022-01-19 2022-01-19 Books
Rights reserved ©2021 ST. THOMAS COLLEGE LIBRARY
A joint venture of - St. Thomas College Library and
Department of Computer Science, St. Thomas Collge Palai